| 000 | 00403nam a22001577a 4500 | ||
|---|---|---|---|
| 003 | CEME | ||
| 005 | 20210628203909.0 | ||
| 008 | 210308b xxu||||| |||| 00| 0 eng d | ||
| 040 | _c. | ||
| 082 | _a005.74 OXB'D | ||
| 100 |
_aOxborrow, Elizabeth _967763 |
||
| 245 | _aDatabases and database system , concepts and issues | ||
| 260 |
_aUSA _bCOMPUTER SOCIETY _c1986 |
||
| 300 | _a254P | ||
| 942 |
_cBK _2ddc |
||
| 999 |
_c575471 _d575471 |
||